[Event "8th EUR-ch (w)"]
[Site "Dresden GER"]
[Date "2007.04.13"]
[Round "10"]
[White "Richards, Heather"]
[Black "Fuchs, Judith"]
[Result "1-0"]
[WhiteElo "2220"]
[BlackElo "2132"]
[EventDate "2007.04.03"]
[PlyCount "153"]

1.e4 c6 2.d4 d5 3.f3 g6 4.c3 Bg7 5.Be3 dxe4 6.fxe4 Nf6 7.Nd2 Ng4 8.Qf3 e5 
9.Bc4 O-O 10.d5 Nxe3 11.Qxe3 b5 12.Bb3 Bb7 13.dxc6 Nxc6 14.Ngf3 Na5 15.Bc2
f5 16.b4 Nc4 17.Bb3 Kh8 18.Nxc4 bxc4 19.Bc2 fxe4 20.Bxe4 Bxe4 21.Qxe4 Qb6 
22.a4 a5 23.b5 Rad8 24.Rd1 Rxd1+ 25.Kxd1 Qf2 26.Qe2 Qc5 27.Kc2 Rc8 28.Ra1 
Rd8 29.Rd1 Re8 30.Qe4 Rc8 31.Kb2 Qf2+ 32.Rd2 Qc5 33.Ng5 Qe7 34.Qh4 Bf8 35.
Kc2 e4 36.Rf2 h6 37.Nf7+ Kh7 38.Qxe7 Bxe7 39.Ne5 Bg5 40.b6 e3 41.Re2 Bf4 
42.Ng4 Rb8 43.Nf6+ Kg7 44.Nd5 Bg5 45.g3 h5 46.h4 Bh6 47.Re1 Kf7 48.Nxe3 
Bxe3 49.Rxe3 Rxb6 50.Re4 Rc6 51.Kd2 Kf6 52.Ke3 Kf5 53.Kf3 Rc5 54.g4+ hxg4+
55.Rxg4 Kf6 56.Ke3 Rc8 57.Kd4 Kf5 58.Rg5+ Kf6 59.Rg2 Rh8 60.Rf2+ Ke6 61.
Kxc4 Rxh4+ 62.Kb5 Rh5+ 63.Kb6 g5 64.c4 Kd7 65.c5 Rh8 66.Kb7 Rh7 67.c6+ 
Kd6+ 68.Kb6 Rh1 69.Rd2+ Ke7 70.Rd5 g4 71.c7 Rb1+ 72.Ka7 Rc1 73.Kb7 Ke6 74.
Rxa5 Kd7 75.Rd5+ Ke6 76.Rg5 Kf6 77.Rb5 1-0

[Event "8th EUR-ch (w)"]
[Site "Dresden GER"]
[Date "2007.04.13"]
[Round "10"]
[White "Isgandarova, Khayala"]
[Black "Foisor, Mihaela-Veronica"]
[Result "1-0"]
[WhiteElo "2155"]
[BlackElo "1980"]
[EventDate "2007.04.03"]
[PlyCount "101"]

1.e4 e6 2.d4 d5 3.exd5 exd5 4.Nf3 Bd6 5.h3 Ne7 6.Bd3 Nbc6 7.O-O O-O 8.c4 
dxc4 9.Bxc4 Nb4 10.a3 Nbd5 11.Nc3 Be6 12.Bd3 c6 13.Qc2 h6 14.Ne4 Bc7 15.
Nc5 Bc8 16.Ne5 b6 17.Nb3 Bb7 18.f4 a5 19.Bd2 a4 20.Nc1 Nf6 21.Ne2 c5 22.
Be3 Qd5 23.Nc3 Qd8 24.dxc5 bxc5 25.Bxc5 Bb6 26.Bf2 Bxf2+ 27.Rxf2 Qa5 28.
Bb5 Rfc8 29.Qe2 Nf5 30.Qd3 g6 31.Bc4 Rc7 32.Nxg6 Ng7 33.Ne5 Ba6 34.Ne4 
Nxe4 35.Qxe4 Bxc4 36.Nxc4 Qa7 37.Ne5 Rac8 38.Ng4 f5 39.Nxh6+ Kh7 40.Nxf5 
Rc1+ 41.Rxc1 Rxc1+ 42.Kh2 Qxf2 43.Ne7+ Kh8 44.Qa8+ Ne8 45.Qxe8+ Kg7 46.
Nf5+ Kf6 47.Qe5+ Kf7 48.Qe7+ Kg6 49.Nh4+ Kh6 50.Qf6+ Kh7 51.Qf7+ 1-0

[Event "8th EUR-ch (w)"]
[Site "Dresden GER"]
[Date "2007.04.13"]
[Round "10"]
[White "Brunello, Roberta"]
[Black "Sokalskaya, Elena"]
[Result "1-0"]
[WhiteElo "1953"]
[BlackElo "2147"]
[EventDate "2007.04.03"]
[PlyCount "119"]

1.e4 c6 2.d4 d5 3.e5 Bf5 4.Nf3 e6 5.Be2 c5 6.O-O Nc6 7.c3 Qb6 8.dxc5 Bxc5 
9.b4 Be7 10.Qa4 Qd8 11.Nd4 Bxb1 12.Rxb1 Kf8 13.Nxc6 bxc6 14.Qxc6 Rc8 15.
Qa6 Rxc3 16.Qxa7 Rc7 17.Qd4 Qb8 18.Be3 h5 19.a4 Nh6 20.Bd2 Nf5 21.Qb2 Rb7 
22.a5 Bd8 23.b5 Bc7 24.f4 g5 25.b6 Bd8 26.Bb4+ Kg7 27.Bc5 gxf4 28.a6 Rd7 
29.b7 Be7 30.Bxe7 Rxe7 31.Qb6 Qxe5 32.b8=Q Rxb8 33.Qxb8 Qxe2 34.Qb2+ Qxb2 
35.Rxb2 Ra7 36.Ra1 Nd6 37.Rb6 Nc8 38.Rb7 Ra8 39.a7 Kf6 40.Rc7 Nd6 41.Rb1 
Ne8 42.Rd7 Nd6 43.Rb8 Rxa7 44.Rxa7 Ke5 45.Rd8 f6 46.Rh7 d4 47.Rxh5+ f5 48.
Rh3 Nf7 49.Rd7 Nd6 50.Rd3 Nb5 51.h4 Kf6 52.Rb7 Nc3 53.Rxc3 dxc3 54.Rc7 e5 
55.Rc6+ Kg7 56.Rc7+ Kh6 57.Rc5 Kh5 58.Rxe5 Kxh4 59.Rxf5 Kg3 60.Rf8 1-0

[Event "8th EUR-ch (w)"]
[Site "Dresden GER"]
[Date "2007.04.13"]
[Round "10"]
[White "Rolli, Corinne"]
[Black "Lauterbach, Ingrid"]
[Result "0-1"]
[WhiteElo "2009"]
[BlackElo "2142"]
[EventDate "2007.04.03"]
[PlyCount "116"]

1.d4 d6 2.Nf3 g6 3.c4 Bg7 4.e4 Nd7 5.Nc3 e5 6.d5 Ne7 7.Bg5 h6 8.Bh4 O-O 9.
Nd2 a5 10.a3 f5 11.f3 Nf6 12.Bf2 g5 13.Be2 Ng6 14.b4 Nf4 15.O-O axb4 16.
axb4 Rxa1 17.Qxa1 g4 18.Qd1 h5 19.exf5 Bxf5 20.Nde4 Nxe2+ 21.Qxe2 gxf3 22.
Qxf3 Ng4 23.Bg3 Bxe4 24.Qxe4 Rxf1+ 25.Kxf1 Qg5 26.Kg1 Qc1+ 27.Qe1 Qxe1+ 
28.Bxe1 Ne3 29.c5 Nc2 30.Bh4 Nxb4 31.Bd8 Na6 32.cxd6 cxd6 33.Ne4 b5 34.
Nxd6 b4 35.Ba5 b3 36.Ne4 Nc5 37.Nd2 b2 38.Bb4 Nd3 39.Ba3 Bh6 40.Nb1 Kf7 
41.Kf1 e4 42.Ke2 Bc1 43.g3 Kf6 44.Bd6 Ne5 45.Nc3 Kf5 46.h4 Nc4 47.Bf8 Nb6 
48.d6 Ke6 49.Kd1 Nd5 50.Nb1 Ne3+ 51.Ke2 Nf5 52.g4 hxg4 53.h5 Ng3+ 54.Kf2 
Nxh5 55.Kg2 Nf6 56.Kg3 Kf5 57.Be7 Bf4+ 58.Kf2 Nd7 0-1

[Event "8th EUR-ch (w)"]
[Site "Dresden GER"]
[Date "2007.04.13"]
[Round "10"]
[White "Sautter, Elke"]
[Black "Nagel, Verena"]
[Result "1-0"]
[WhiteElo "2046"]
[BlackElo "2079"]
[EventDate "2007.04.03"]
[PlyCount "95"]

1.e4 d6 2.d4 g6 3.Nc3 Bg7 4.Be3 c6 5.f4 Nf6 6.h3 h5 7.Nf3 Qa5 8.Bd3 b5 9.
O-O b4 10.Ne2 Ba6 11.e5 Nd5 12.Bf2 Bh6 13.e6 f5 14.a3 Bc8 15.axb4 Qxb4 16.
c4 Nc7 17.d5 cxd5 18.cxd5 Nxd5 19.Bxf5 gxf5 20.Qxd5 Bb7 21.Qxf5 Bxf3 22.
Qf7+ Kd8 23.gxf3 Rf8 24.Qxh5 Bxf4 25.Nxf4 Nc6 26.Nd5 Qb3 27.Bb6+ Kc8 28.
Bf2 Kb7 29.Ra3 Qb5 30.f4 Rh8 31.Qd1 a5 32.Rb3 Nb4 33.Nxe7 a4 34.Rc3 Rad8 
35.Qf3+ d5 36.Rfc1 Rh7 37.Rc7+ Kb8 38.Ba7+ Ka8 39.Bd4 Kb8 40.f5 Rh4 41.
Rc8+ Rxc8 42.Rxc8+ Kb7 43.Qg3 Na6 44.Qxh4 Qd3 45.Rc1 Qd2 46.Rf1 Nb4 47.f6 
Nc2 48.Nf5 1-0

[Event "8th EUR-ch (w)"]
[Site "Dresden GER"]
[Date "2007.04.13"]
[Round "10"]
[White "Klek, Hanna-Marie"]
[Black "Katte, Isabel"]
[Result "1-0"]
[WhiteElo "1865"]
[BlackElo "1947"]
[EventDate "2007.04.03"]
[PlyCount "57"]

1.e4 e5 2.Nf3 Nf6 3.Nxe5 d6 4.Nf3 Nxe4 5.Nc3 Nxc3 6.dxc3 Be7 7.Be3 Be6 8.
Nd4 Bd7 9.Qd2 Nc6 10.O-O-O a6 11.h3 Be6 12.Kb1 Qd7 13.g4 O-O-O 14.Bg2 Ne5 
15.b3 c5 16.Nxe6 fxe6 17.f4 Nc6 18.Qe2 d5 19.Rhe1 Rhe8 20.Qf2 b6 21.Qe2 
Qb7 22.Bc1 Bf6 23.Qf3 Bh4 24.Re2 b5 25.g5 c4 26.Qg4 b4 27.Qxh4 bxc3 28.Qe1
Qb4 29.Rxe6 1-0

[Event "8th EUR-ch (w)"]
[Site "Dresden GER"]
[Date "2007.04.13"]
[Round "10"]
[White "Sokalska, Viktorija"]
[Black "Ziemann, Nadine"]
[Result "0-1"]
[WhiteElo "2045"]
[BlackElo "1989"]
[EventDate "2007.04.03"]
[PlyCount "108"]

1.e4 c5 2.Nc3 Nc6 3.g3 g6 4.Bg2 Bg7 5.d3 d6 6.Nge2 e6 7.Be3 Nd4 8.O-O Ne7 
9.Qd2 O-O 10.Nd1 Rb8 11.c3 Nxe2+ 12.Qxe2 b5 13.f4 b4 14.g4 bxc3 15.bxc3 f5
16.Re1 Bd7 17.exf5 gxf5 18.g5 Qa5 19.Bd2 Qb6 20.Kh1 Ng6 21.Qf1 Rfe8 22.h4 
Bc6 23.h5 Nf8 24.Rc1 Bxg2+ 25.Kxg2 Qa6 26.h6 Bh8 27.c4 Qxa2 28.Nc3 Qa6 29.
Rc2 Qb7+ 30.Kh2 Qb3 31.Rec1 a6 32.Be1 Qb7 33.Ra2 Bd4 34.Qe2 Ra8 35.Rb1 Qc7
36.Qf3 Ra7 37.Rab2 Qc8 38.Rb6 Rd8 39.Ne2 Qa8 40.Nxd4 cxd4 41.Qf2 Rf7 42.
Qxd4 Qf3 43.Bc3 e5 44.fxe5 Ne6 45.Qh4 Qe2+ 46.Kg1 Qxd3 47.R1b3 Qd1+ 48.Kg2
f4 49.Rb8 f3+ 50.Kh3 Qe2 51.Rxd8+ Nxd8 52.Qg3 f2 53.Rb1 f1=Q+ 54.Rxf1 
Qxf1+ 0-1

[Event "8th EUR-ch (w)"]
[Site "Dresden GER"]
[Date "2007.04.14"]
[Round "11"]
[White "Lomineishvili, Maia"]
[Black "Kosintseva, Tatiana"]
[Result "0-1"]
[WhiteElo "2399"]
[BlackElo "2459"]
[EventDate "2007.04.03"]
[PlyCount "140"]

1.d4 Nf6 2.c4 e6 3.Nf3 d5 4.Nc3 Bb4 5.cxd5 exd5 6.Bg5 Nbd7 7.e3 c5 8.Bd3 
Qa5 9.Qc2 c4 10.Bf5 O-O 11.O-O Re8 12.Nd2 g6 13.Bxd7 Nxd7 14.a3 Bxc3 15.
Qxc3 Qxc3 16.bxc3 Nb6 17.f3 Na4 18.Rac1 f6 19.Bxf6 Rxe3 20.Rfe1 Rxe1+ 21.
Rxe1 Kf7 22.Bg5 Be6 23.Re3 Re8 24.g4 b5 25.Bf4 a5 26.Bc7 Ra8 27.h3 Nb2 28.
f4 Nd1 29.Re1 Nxc3 30.Nf3 Ne4 31.Ng5+ Nxg5 32.fxg5 b4 33.Kf2 Ke7 34.Ke3 
Kd7 35.Be5 Ra7 36.Kd2 Rb7 37.Ra1 Kc6 38.Kc2 Kb5 39.axb4 axb4 40.Ra8 Kc6 
41.Kb2 Kb5 42.Bf6 Bd7 43.Bd8 Be8 44.Ra5+ Kc6 45.Ra6+ Kd7 46.Bf6 b3 47.Ra1 
Kc7 48.Be5+ Kb6 49.Ra8 Re7 50.Rb8+ Ka7 51.Rc8 Bd7 52.Rd8 Bc6 53.Rc8 Kb7 
54.Rb8+ Ka7 55.Rc8 Bb7 56.Rc7 Re6 57.Rxh7 Ra6 58.Rc7 Ra2+ 59.Kb1 Kb6 60.
Rc5 Bc6 61.h4 Bd7 62.Bc7+ Kb7 63.Ba5 Bxg4 64.Rxd5 Be2 65.Bc3 Bd3+ 66.Kc1 
Rc2+ 67.Kd1 Rxc3 68.Rb5+ Kc6 69.Rb8 Rc2 70.h5 gxh5 0-1

[Event "8th EUR-ch (w)"]
[Site "Dresden GER"]
[Date "2007.04.14"]
[Round "11"]
[White "Kosintseva, Nadezhda"]
[Black "Hoang Thanh Trang"]
[Result "1/2-1/2"]
[WhiteElo "2475"]
[BlackElo "2472"]
[EventDate "2007.04.03"]
[PlyCount "30"]

1.e4 e6 2.d4 d5 3.Nc3 Bb4 4.e5 c5 5.a3 Bxc3+ 6.bxc3 Qa5 7.Bd2 Qa4 8.Qg4 g6
9.Qd1 b6 10.Nf3 Ba6 11.Bxa6 Nxa6 12.h4 h5 13.O-O O-O-O 14.Bg5 Rd7 15.Rb1 
Ne7 1/2-1/2

[Event "8th EUR-ch (w)"]
[Site "Dresden GER"]
[Date "2007.04.14"]
[Round "11"]
[White "Bojkovic, Natasa"]
[Black "Socko, Monika"]
[Result "1/2-1/2"]
[WhiteElo "2408"]
[BlackElo "2481"]
[EventDate "2007.04.03"]
[PlyCount "58"]

1.e4 g6 2.d4 d6 3.Nc3 Bg7 4.Be3 c6 5.Nf3 Nd7 6.h3 e5 7.dxe5 dxe5 8.a4 Ngf6
9.Nd2 O-O 10.Nc4 Qe7 11.Qd6 Qxd6 12.Nxd6 b6 13.Bc4 a5 14.O-O-O Ba6 15.Bxa6
Rxa6 16.Nc4 Rc8 17.Rd2 Kf8 18.Rhd1 Rc7 19.g4 Ke7 20.g5 Nh5 21.Ne2 Nc5 22.
f3 Nxa4 23.b3 Nc5 24.Nxb6 Ne6 25.Rd7+ Rxd7 26.Rxd7+ Ke8 27.Rb7 Nhf4 28.
Rb8+ Ke7 29.Rb7+ Ke8 1/2-1/2

[Event "8th EUR-ch (w)"]
[Site "Dresden GER"]
[Date "2007.04.14"]
[Round "11"]
[White "Khukhashvili, Sopiko"]
[Black "Cmilyte, Viktorija"]
[Result "1/2-1/2"]
[WhiteElo "2334"]
[BlackElo "2462"]
[EventDate "2007.04.03"]
[PlyCount "61"]

1.e4 c5 2.Nf3 Nc6 3.d4 cxd4 4.Nxd4 Nf6 5.Nc3 e5 6.Ndb5 d6 7.Bg5 a6 8.Na3 
b5 9.Nd5 Be7 10.Bxf6 Bxf6 11.c3 O-O 12.Nc2 Bg5 13.h4 Be7 14.g3 Rb8 15.Ncb4
Nxb4 16.Nxb4 Qb6 17.Nd5 Qb7 18.Qd2 Be6 19.Rd1 Bd8 20.Bg2 b4 21.O-O bxc3 
22.bxc3 Qb5 23.Ne3 Rb6 24.Nf5 Qc5 25.Kh2 Bf6 26.Rb1 d5 27.Rxb6 Qxb6 28.Ne3
dxe4 29.Bxe4 Qa5 30.Qc2 Qxa2 31.Rd1 1/2-1/2

[Event "8th EUR-ch (w)"]
[Site "Dresden GER"]
[Date "2007.04.14"]
[Round "11"]
[White "Kachiani-Gersinska, Ketino"]
[Black "Dembo, Yelena"]
[Result "1/2-1/2"]
[WhiteElo "2375"]
[BlackElo "2470"]
[EventDate "2007.04.03"]
[PlyCount "48"]

1.c4 g6 2.Nc3 Bg7 3.g3 d6 4.Bg2 e5 5.d3 f5 6.e4 Nf6 7.Nge2 O-O 8.O-O Nc6 
9.Nd5 h6 10.Nxf6+ Qxf6 11.Be3 Be6 12.Rc1 Qf7 13.b3 Qd7 14.Qd2 Kh7 15.f4 
Rae8 16.Bf2 fxe4 17.dxe4 Bh3 18.f5 Bxg2 19.fxg6+ Kxg6 20.Kxg2 Qg4 21.Qd3 
Nb4 22.Qe3 h5 23.h3 Qd7 24.Qd2 Nc6 1/2-1/2

[Event "8th EUR-ch (w)"]
[Site "Dresden GER"]
[Date "2007.04.14"]
[Round "11"]
[White "Zakurdyaeva, Irina"]
[Black "Pahtz, Elisabeth"]
[Result "1-0"]
[WhiteElo "2286"]
[BlackElo "2442"]
[EventDate "2007.04.03"]
[PlyCount "85"]

1.e4 c5 2.Nf3 e6 3.b3 b6 4.d4 cxd4 5.Nxd4 a6 6.Bb2 Bb7 7.Bd3 Qc7 8.O-O Nf6
9.Qe2 Nc6 10.Nxc6 Qxc6 11.Nd2 Be7 12.c4 h5 13.a3 h4 14.b4 a5 15.b5 Qc7 16.
e5 Ng8 17.h3 Nh6 18.Rfd1 Rc8 19.Rac1 O-O 20.Ne4 Bxe4 21.Qxe4 g6 22.Bb1 Nf5
23.Qg4 Ng7 24.Rd3 Qb7 25.Rcd1 Rc7 26.Rf3 Qc8 27.Bd3 Rc5 28.Bd4 Rxc4 29.
Bxc4 Qxc4 30.Bxb6 Qxb5 31.Bc7 Rc8 32.Bd6 Bd8 33.Qf4 Nf5 34.Rc1 Rc6 35.Rxc6
Qxc6 36.Qd2 Kg7 37.Rc3 Qb7 38.Rc1 Qb5 39.Rc8 Bb6 40.Rb8 Ng3 41.Bf8+ Kg8 
42.Be7+ Kh7 43.Qh6+ 1-0

[Event "8th EUR-ch (w)"]
[Site "Dresden GER"]
[Date "2007.04.14"]
[Round "11"]
[White "Rajlich, Iweta"]
[Black "Ovod, Evgenia"]
[Result "1-0"]
[WhiteElo "2408"]
[BlackElo "2384"]
[EventDate "2007.04.03"]
[PlyCount "67"]

1.d4 d5 2.c4 c6 3.e3 Nf6 4.Nc3 a6 5.Nf3 b5 6.b3 Bg4 7.Be2 e6 8.h3 Bf5 9.g4
Be4 10.g5 Nfd7 11.Nxe4 dxe4 12.Nd2 Bb4 13.Kf1 Bxd2 14.Qxd2 Qxg5 15.Ba3 
bxc4 16.Rg1 Qf6 17.Rc1 cxb3 18.Qb4 Ra7 19.Qxb3 c5 20.Bxc5 Rc7 21.Rb1 g6 
22.Bd6 Rc8 23.Rg4 h5 24.Rf4 Qd8 25.Rxe4 Nc6 26.Bxa6 Ne7 27.Bxc8 Nxc8 28.
Ba3 Qa5 29.d5 Qa6+ 30.Kg1 e5 31.Rc4 Ncb6 32.Rc6 h4 33.Qb4 Nxd5 34.Rxa6 1-0

[Event "8th EUR-ch (w)"]
[Site "Dresden GER"]
[Date "2007.04.14"]
[Round "11"]
[White "Kononenko, Tatiana"]
[Black "Vajda, Szidonia"]
[Result "1/2-1/2"]
[WhiteElo "2382"]
[BlackElo "2407"]
[EventDate "2007.04.03"]
[PlyCount "55"]

1.d4 Nf6 2.c4 e6 3.Nf3 c5 4.d5 b5 5.Bg5 exd5 6.cxd5 d6 7.a4 b4 8.Nbd2 Be7 
9.e4 O-O 10.Bf4 Nh5 11.Be3 f5 12.exf5 Bxf5 13.Bc4 Nd7 14.a5 Qe8 15.h3 Bg6 
16.O-O Nf4 17.Qb3 Bh5 18.Bxf4 Rxf4 19.Bb5 Rd8 20.Qe3 Qf7 21.Rfe1 Kf8 22.
Rac1 h6 23.Rc4 Rxc4 24.Bxc4 Bxf3 25.Nxf3 Bf6 26.Qf4 Ne5 27.Nxe5 Bxe5 28.
Qxf7+ 1/2-1/2

[Event "8th EUR-ch (w)"]
[Site "Dresden GER"]
[Date "2007.04.14"]
[Round "11"]
[White "Golubenko, Valentina"]
[Black "Melia, Salome"]
[Result "1-0"]
[WhiteElo "2271"]
[BlackElo "2396"]
[EventDate "2007.04.03"]
[PlyCount "47"]

1.Nf3 Nf6 2.c4 e6 3.g3 a6 4.Bg2 b5 5.b3 c5 6.O-O Bb7 7.Bb2 Be7 8.Nc3 Qb6 
9.e4 d6 10.Qe2 O-O 11.Rfd1 bxc4 12.bxc4 Bxe4 13.Nxe4 Qxb2 14.Rdb1 Qa3 15.
Nfg5 Ra7 16.Nxf7 Kxf7 17.Rb3 Qa4 18.Ng5+ Kg6 19.f4 Kh6 20.g4 g6 21.Nxe6 g5
22.f5 Qxb3 23.axb3 Re8 24.Qf3 1-0

[Event "8th EUR-ch (w)"]
[Site "Dresden GER"]
[Date "2007.04.14"]
[Round "11"]
[White "Repkova, Eva"]
[Black "Arakhamia-Grant, Ketevan"]
[Result "0-1"]
[WhiteElo "2328"]
[BlackElo "2435"]
[EventDate "2007.04.03"]
[PlyCount "83"]

1.e4 c5 2.Nf3 d6 3.Bc4 Nc6 4.O-O Nf6 5.Re1 a6 6.c3 Bg4 7.d3 b5 8.Bb3 e6 9.
h3 Bh5 10.Bf4 Be7 11.Nbd2 Nd7 12.a4 O-O 13.Qe2 Qc7 14.Qe3 Nde5 15.g4 Bg6 
16.d4 Nxf3+ 17.Nxf3 c4 18.Bd1 Rae8 19.axb5 axb5 20.h4 e5 21.Bg3 h5 22.d5 
Nb8 23.Ng5 hxg4 24.Bxg4 Qd8 25.Ra7 Bf6 26.Rb7 Na6 27.Rxb5 Nc5 28.f3 Qe7 
29.Ra5 Rb8 30.Re2 Rb7 31.f4 exf4 32.Bxf4 Nd3 33.Bg3 Nxb2 34.e5 dxe5 35.
Bxe5 Nd3 36.Bxf6 Rb1+ 37.Kh2 Qxf6 38.h5 Qd6+ 39.Kg2 Nf4+ 40.Kf3 Nxe2 41.
hxg6 fxg6+ 42.Ke4 0-1

[Event "8th EUR-ch (w)"]
[Site "Dresden GER"]
[Date "2007.04.14"]
[Round "11"]
[White "Kursova, Maria"]
[Black "Kovalevskaya, Ekaterina"]
[Result "1/2-1/2"]
[WhiteElo "2324"]
[BlackElo "2432"]
[EventDate "2007.04.03"]
[PlyCount "55"]

1.d4 Nf6 2.Nf3 e6 3.c4 b6 4.g3 Bb4+ 5.Bd2 a5 6.Bg2 O-O 7.O-O Ba6 8.b3 d5 
9.Ne5 Be7 10.Bc3 Bb7 11.Bb2 Nbd7 12.Nd3 Ne4 13.Nd2 Ndf6 14.Nxe4 Nxe4 15.
Rc1 Bf6 16.c5 Ba6 17.Qc2 bxc5 18.Bxe4 dxe4 19.Nxc5 Bg5 20.Rcd1 e3 21.f4 
Be7 22.Nxa6 Rxa6 23.Rf3 a4 24.Rxe3 axb3 25.axb3 c6 26.Rc3 Qb6 27.Rc4 Rb8 
28.Rd3 1/2-1/2

[Event "8th EUR-ch (w)"]
[Site "Dresden GER"]
[Date "2007.04.14"]
[Round "11"]
[White "Vasilevich, Irina"]
[Black "Peptan, Corina-Isabela"]
[Result "1-0"]
[WhiteElo "2380"]
[BlackElo "2422"]
[EventDate "2007.04.03"]
[PlyCount "83"]

1.e4 c5 2.Nf3 d6 3.d4 cxd4 4.Qxd4 a6 5.c4 Nc6 6.Qe3 g6 7.Nc3 Bg7 8.h3 Nf6 
9.Be2 O-O 10.O-O Bd7 11.Rb1 Qa5 12.a3 Rfc8 13.b4 Qd8 14.Bb2 e6 15.Rfd1 Qe7
16.Na4 Rc7 17.Nb6 Rd8 18.b5 axb5 19.cxb5 Nb8 20.e5 dxe5 21.Bxe5 Rc2 22.Bd6
Qe8 23.Qd3 Ra2 24.Qc4 Rxe2 25.Qxe2 Nd5 26.Nxd5 exd5 27.Qxe8+ Rxe8 28.Rxd5 
Be6 29.Rc5 Nd7 30.Rc7 b6 31.Re1 Nf6 32.Ng5 Nd5 33.Rb7 Bc3 34.Rd1 Rd8 35.
Nxe6 fxe6 36.Rb8 Rxb8 37.Bxb8 Kf7 38.f4 Bb2 39.Rd3 Bc1 40.Kf2 h5 41.Kf3 
Ke7 42.Be5 1-0

[Event "8th EUR-ch (w)"]
[Site "Dresden GER"]
[Date "2007.04.14"]
[Round "11"]
[White "Muzychuk, Maria"]
[Black "Pogonina, Natalia"]
[Result "1/2-1/2"]
[WhiteElo "2293"]
[BlackElo "2419"]
[EventDate "2007.04.03"]
[PlyCount "150"]

1.e4 c5 2.Nc3 g6 3.g3 Bg7 4.Bg2 Nc6 5.d3 d6 6.f4 Rb8 7.Nf3 b5 8.O-O b4 9.
Ne2 Nf6 10.h3 O-O 11.Be3 a5 12.c3 bxc3 13.bxc3 Ba6 14.Qc2 Qc7 15.Rab1 Nd7 
16.Nd2 Na7 17.c4 Nc6 18.Nf3 Rxb1 19.Rxb1 Rb8 20.a3 Rb6 21.Bd2 Qb7 22.Rxb6 
Qxb6 23.Nc3 e6 24.Kf2 Bb7 25.Na4 Qc7 26.Qb3 Ba6 27.Nc3 Qb6 28.Qxb6 Nxb6 
29.Nb5 Bb2 30.Ne1 e5 31.Bf3 Kf8 32.Bd1 a4 33.Nc7 Bc8 34.Nd5 Nxd5 35.cxd5 
Nd4 36.Bxa4 f6 37.fxe5 fxe5 38.Nc2 Bxh3 39.Ne3 Bxa3 40.Nc4 Bb4 41.Bh6+ Kf7
42.Nxd6+ Kf6 43.Nc4 Bc8 44.d6 Ba6 45.d7 Ne6 46.Nb6 Ba5 47.d8=Q+ Nxd8 48.
Nd7+ Kf7 49.Nxe5+ Ke6 50.Nd7 Bb4 51.Ke3 Nf7 52.Bf8 Ne5 53.Bxc5 Nxd3 54.
Bxb4 Nxb4 55.Nf8+ Ke5 56.Nxh7 Bc8 57.Ng5 Bg4 58.Nf7+ Kf6 59.Nd6 Ke7 60.Nc4
Be6 61.Ne5 Kf6 62.Nf3 Bg4 63.Nd2 Na2 64.Kf4 Be6 65.e5+ Kg7 66.Kg5 Nc3 67.
Bc6 Ne2 68.g4 Nd4 69.Be8 Bc8 70.Ne4 Nf3+ 71.Kf4 Nxe5 72.Kxe5 Bxg4 73.Kf4 
Bf5 74.Ng5 Kf6 75.Bc6 Bb1 1/2-1/2

[Event "8th EUR-ch (w)"]
[Site "Dresden GER"]
[Date "2007.04.14"]
[Round "11"]
[White "Bosboom-Lanchava, Tea"]
[Black "Tsoganova, Monika"]
[Result "1-0"]
[WhiteElo "2383"]
[BlackElo "2185"]
[EventDate "2007.04.03"]
[PlyCount "79"]

1.Nf3 Nf6 2.d4 g6 3.c4 Bg7 4.Nc3 O-O 5.e4 d6 6.Be2 Nbd7 7.d5 Nc5 8.Qc2 a5 
9.Be3 b6 10.h3 e5 11.dxe6 Bxe6 12.Rd1 Re8 13.e5 Bf5 14.Qc1 Nfe4 15.Nxe4 
Bxe4 16.exd6 cxd6 17.O-O Rc8 18.Qd2 d5 19.cxd5 Na4 20.Nd4 Qxd5 21.f3 Bf5 
22.b3 Nc3 23.Bc4 Rxc4 24.bxc4 Qxc4 25.Nxf5 gxf5 26.Rde1 f4 27.Bxb6 Ne2+ 
28.Kh2 Bc3 29.Qd7 Re6 30.Rd1 Ng3 31.Rf2 h6 32.Rc2 Re2 33.Qd8+ Kh7 34.Rxe2 
Qxe2 35.Qd3+ Kg8 36.Qxe2 Nxe2 37.Rd5 Be1 38.Re5 Bg3+ 39.Kh1 Nc1 40.Rxa5 
1-0

[Event "8th EUR-ch (w)"]
[Site "Dresden GER"]
[Date "2007.04.14"]
[Round "11"]
[White "Jackova, Jana"]
[Black "Benderac, Ana"]
[Result "1/2-1/2"]
[WhiteElo "2423"]
[BlackElo "2314"]
[EventDate "2007.04.03"]
[PlyCount "96"]

1.e4 e5 2.Nf3 d6 3.Bc4 Be7 4.c3 Nf6 5.d3 O-O 6.Nbd2 c6 7.Bb3 Qc7 8.O-O 
Nbd7 9.Re1 h6 10.Nf1 Re8 11.Ng3 Bf8 12.Nh4 Nc5 13.Bc2 Ne6 14.Ngf5 Kh7 15.
Qd2 Ng8 16.g3 g5 17.Nf3 Ng7 18.d4 Nxf5 19.exf5 f6 20.g4 b5 21.h4 gxh4 22.
Nxh4 Qg7 23.Ng6 Ne7 24.f3 Nxg6 25.fxg6+ Kg8 26.Kf2 d5 27.Rh1 e4 28.Qxh6 
Qxh6 29.Bxh6 Bxh6 30.Rxh6 Kg7 31.Rah1 f5 32.f4 fxg4 33.Rh7+ Kf6 34.R1h5 
Rf8 35.Rg5 Bf5 36.Rc7 e3+ 37.Kxe3 Bxc2 38.Rxc6+ Kg7 39.Rc7+ Kg8 40.Rxd5 
Rae8+ 41.Kd2 Bb1 42.Rf7 Rxf7 43.gxf7+ Kxf7 44.Rxb5 Rg8 45.Ke3 Bxa2 46.Kf2 
g3+ 47.Kg2 Ke6 48.Rg5 Rxg5 1/2-1/2

[Event "8th EUR-ch (w)"]
[Site "Dresden GER"]
[Date "2007.04.14"]
[Round "11"]
[White "Rudolf, Anna"]
[Black "Collas, Silvia"]
[Result "1-0"]
[WhiteElo "2301"]
[BlackElo "2401"]
[EventDate "2007.04.03"]
[PlyCount "79"]

1.e4 c5 2.Nf3 d6 3.d4 cxd4 4.Nxd4 Nf6 5.Nc3 a6 6.Be2 e5 7.Nb3 Be7 8.O-O 
O-O 9.Kh1 b6 10.Be3 Bb7 11.f3 Nbd7 12.Qd2 Rc8 13.Nd5 Nxd5 14.exd5 f5 15.f4
Qc7 16.c4 Nc5 17.Rac1 Rce8 18.Bf3 Bf6 19.fxe5 Bxe5 20.Nd4 a5 21.b3 f4 22.
Bg1 Bc8 23.Qd1 Rf6 24.a3 g5 25.b4 axb4 26.axb4 g4 27.Bxg4 Ne4 28.Bf3 Ng5 
29.Nb5 Qd8 30.Re1 Nxf3 31.gxf3 Rh6 32.Rc2 Rh3 33.Nd4 Qh4 34.Rce2 Qh5 35.c5
bxc5 36.bxc5 Ba6 37.Rg2+ Kf7 38.Qa4 Bd3 39.cxd6 Rg3 40.Qd7+ 1-0

[Event "8th EUR-ch (w)"]
[Site "Dresden GER"]
[Date "2007.04.14"]
[Round "11"]
[White "Stepovaya, Tatiana"]
[Black "Schuurman, Petra"]
[Result "0-1"]
[WhiteElo "2375"]
[BlackElo "2295"]
[EventDate "2007.04.03"]
[PlyCount "132"]

1.e4 c6 2.d4 d5 3.e5 Bf5 4.Be3 e6 5.Nd2 Nd7 6.f4 h5 7.Be2 Rc8 8.Ngf3 Nh6 
9.h3 h4 10.O-O Bg6 11.Bf2 Nf5 12.c3 Be7 13.Re1 c5 14.Nf1 cxd4 15.Nxd4 Nxd4
16.Bxd4 Bc5 17.Ne3 O-O 18.Bg4 Re8 19.Qd2 Be4 20.Kh1 f5 21.Bf3 Nb8 22.Rad1 
Qe7 23.Qf2 Bxd4 24.cxd4 Bxf3 25.gxf3 Rc7 26.Rg1 Rec8 27.a3 b5 28.Qd2 Nd7 
29.Qa5 Nb6 30.Qxb5 Nc4 31.Nxc4 Rxc4 32.Rg2 Qf7 33.Rdg1 R8c7 34.Qa6 Kh7 35.
Rd1 Rc2 36.Rdg1 R2c4 37.Rd1 Rc2 38.Qf1 Rxg2 39.Qxg2 Qg6 40.Qf2 Qh6 41.Qd2 
Qh5 42.Rf1 Rc4 43.b3 Rc6 44.a4 Rc8 45.a5 Rc6 46.b4 a6 47.Qb2 Rc4 48.Qd2 
Rc6 49.Rf2 Rc4 50.Kg1 Qe8 51.Rg2 Qe7 52.b5 axb5 53.a6 Ra4 54.Qb2 b4 55.Rd2
Rxa6 56.Kf2 Ra3 57.Ke2 b3 58.Qc3 Qb7 59.Rb2 Ra2 60.Kd1 Rxb2 61.Qxb2 Qb4 
62.Qf2 b2 63.Qxh4+ Kg6 64.Qg5+ Kf7 65.Qh5+ Ke7 66.Qg5+ Kd7 0-1

[Event "8th EUR-ch (w)"]
[Site "Dresden GER"]
[Date "2007.04.14"]
[Round "11"]
[White "Daulyte, Deimante"]
[Black "Vozovic, Oksana"]
[Result "0-1"]
[WhiteElo "2224"]
[BlackElo "2356"]
[EventDate "2007.04.03"]
[PlyCount "68"]

1.e4 d5 2.exd5 Nf6 3.c4 c6 4.d4 cxd5 5.Nc3 e6 6.Nf3 Be7 7.cxd5 Nxd5 8.Bd3 
Nc6 9.O-O Bf6 10.Be4 h6 11.Qb3 Na5 12.Qb5+ Bd7 13.Qe2 Bc6 14.Bb1 Nxc3 15.
bxc3 Qd5 16.Bd3 b5 17.a4 a6 18.Rb1 Nc4 19.Rb4 Be7 20.Bxc4 bxc4 21.Rxc4 O-O
22.Bf4 Rac8 23.Rb1 Qf5 24.Nd2 Bxg2 25.Rxc8 Rxc8 26.Kxg2 Qxf4 27.Ne4 h5 28.
f3 h4 29.c4 h3+ 30.Kxh3 Rxc4 31.Qxc4 Qxf3+ 32.Ng3 g5 33.Rb8+ Kh7 34.d5 f5 
0-1

[Event "8th EUR-ch (w)"]
[Site "Dresden GER"]
[Date "2007.04.14"]
[Round "11"]
[White "Mamedyarova, Zeinab"]
[Black "Stiri, Alexandra"]
[Result "1-0"]
[WhiteElo "2354"]
[BlackElo "2258"]
[EventDate "2007.04.03"]
[PlyCount "73"]

1.d4 Nf6 2.c4 e6 3.Nc3 c5 4.d5 exd5 5.cxd5 d6 6.e4 g6 7.f4 Bg7 8.Bb5+ Nfd7
9.a4 O-O 10.Nf3 Na6 11.O-O Nb4 12.Re1 a6 13.Bf1 Re8 14.Be3 b6 15.Bf2 Bb7 
16.Bg3 Nf6 17.Bc4 Nh5 18.Bh4 Qc8 19.g3 Qg4 20.Kh1 Nc2 21.Qxc2 Qxf3+ 22.Qg2
Qxg2+ 23.Kxg2 b5 24.axb5 Bxc3 25.bxc3 axb5 26.Bxb5 Rxe4 27.Rxa8+ Bxa8 28.
Rxe4 Bxd5 29.Bd3 c4 30.Kf2 cxd3 31.Rd4 Bb3 32.Rxd6 Bc2 33.c4 h6 34.c5 Ng7 
35.Rd8+ Kh7 36.Bf6 g5 37.Bxg7 1-0

[Event "8th EUR-ch (w)"]
[Site "Dresden GER"]
[Date "2007.04.14"]
[Round "11"]
[White "Shukurova, Meihriban"]
[Black "Zawadzka, Jolanta"]
[Result "1-0"]
[WhiteElo "2193"]
[BlackElo "2348"]
[EventDate "2007.04.03"]
[PlyCount "93"]

1.d4 Nf6 2.c4 g6 3.Nc3 Bg7 4.e4 d6 5.f3 O-O 6.Be3 a6 7.Qd2 Nbd7 8.Bh6 c6 
9.h4 e5 10.d5 cxd5 11.cxd5 b5 12.g4 b4 13.Nce2 Nc5 14.Bxg7 Kxg7 15.h5 Ra7 
16.Ng3 b3 17.Bc4 Qb6 18.N1e2 Rc7 19.Nc3 Ng8 20.axb3 Nxb3 21.Bxb3 Qxb3 22.
Ra3 Qb6 23.Na4 Qb5 24.Nc3 Qc5 25.Qf2 Qb4 26.O-O Nf6 27.Ra4 Qb8 28.Kg2 Nd7 
29.Qd2 Nc5 30.Rb1 Bd7 31.Rh1 Rh8 32.h6+ Kg8 33.Qg5 f6 34.Qxf6 Qf8 35.Qg5 
Nd3 36.Nh5 Bc8 37.Rd1 Nxb2 38.Rd2 Rxc3 39.Rf2 Kf7 40.f4 Qe7 41.fxe5+ Bf5 
42.Rxf5+ gxf5 43.Qg7+ Ke8 44.Nf6+ Kd8 45.Qxh8+ Kc7 46.Rb4 Rc2+ 47.Kf1 1-0